Southville International School and Colleges
Your cart is empty.
  • Cart
  • Lists
    Public lists Eva Luna New books Lux_list list_1
    Your lists Log in to create your own lists
  • Log in to your account
  • Your cookies
  • Search history
Southville International School and Colleges
  • Advanced search
  • Recent comments
  • Most popular
  • Libraries

Log in to your account

Log in with GOOGLE


If you do not have an external account, but do have a local account, you can still log in:

  1. Home
  2. MARC view: Fresh fall leaves /
Normal view MARC view ISBD view

Fresh fall leaves / (Record no. 113337)

[ view plain ]
MARC details
000 -LEADER
fixed length control field 00531nam a2200193 a 4500
001 - CONTROL NUMBER
control field 0348
005 - DATE AND TIME OF LATEST TRANSACTION
control field 20140414132014.0
008 - FIXED-LENGTH DATA ELEMENTS--GENERAL INFORMATION
fixed length control field 040910s19uu xx 00 eng d
020 ## - INTERNATIONAL STANDARD BOOK NUMBER
International Standard Book Number 0-590-27363-9
050 ## - LIBRARY OF CONGRESS CALL NUMBER
Classification number TR
Item number F87 1994
100 ## - MAIN ENTRY--PERSONAL NAME
Personal name Franco, Betsy
245 ## - TITLE STATEMENT
Title Fresh fall leaves /
Statement of responsibility, etc written by Betsy Franco ; illustrated by Shari Halpern.
260 ## - PUBLICATION, DISTRIBUTION, ETC. (IMPRINT)
Place of publication, distribution, etc New York :
Name of publisher, distributor, etc Scholastic,
Date of publication, distribution, etc 1994.
300 ## - PHYSICAL DESCRIPTION
Extent 16 p. : ill. ; cm.
650 ## - SUBJECT ADDED ENTRY--TOPICAL TERM
Topical term or geographic name as entry element Leaves
General subdivision Fiction.
650 ## - SUBJECT ADDED ENTRY--TOPICAL TERM
Topical term or geographic name as entry element Children stories.
Holdings
Withdrawn status Lost status Damaged status Use restrictions Home library Current library Shelving location Date acquired Source of acquisition Total Checkouts Full call number Barcode Date last seen Price effective from Koha item type
        Munich Library Munich Library Teachers Reference Section 09/10/2004     TR F87 1994 M4887 04/14/2014 04/14/2014 Books
        Munich Library Munich Library Teachers Reference Section 03/15/2011     TR F87 1994 M5045 04/14/2014 04/14/2014 Books

Fresh fall leaves /

APA

Franco B., . (1994). Fresh fall leaves. New York: Scholastic.

Chicago

Franco Betsy, . 1994. Fresh fall leaves. New York: Scholastic.

Harvard

Franco B., . (1994). Fresh fall leaves. New York: Scholastic.

MLA

Franco Betsy, . Fresh fall leaves. New York: Scholastic. 1994.

  • Place hold
  • Print
  • Cite
  • Add to your cart (remove)
  • Save record
    BIBTEX Dublin Core MARCXML MARC (non-Unicode/MARC-8) MARC (Unicode/UTF-8) MARC (Unicode/UTF-8, Standard) MODS (XML) RIS
  • More searches
    Search for this title in:
    Other Libraries (WorldCat) Other Databases (Google Scholar) Online Stores (Bookfinder.com) Open Library (openlibrary.org)

Exporting to Dublin Core...

SOUTHVILLE LIBRARY

Southville International School and Colleges Library

1281 Tropical Ave. Cor. Luxembourg St., BF Homes International, Las Pinas City

Tel. No. 8256374 / 252358 Loc. 117/146

Powered by Koha